Mistrzowie świata Formuły 1 (zawodnicy) - Statystyki

Ogólne statystyki
  • Ten quiz został rozwiązany 281 razy
    193 od ostatniego zresetowania
  • Średni wynik to 59 z 74
Statystyki odpowiedzi
Rok Kierowca % Poprawnych
2008 Lewis Hamilton
98%
2014 Lewis Hamilton
98%
2015 Lewis Hamilton
98%
2017 Lewis Hamilton
98%
2018 Lewis Hamilton
98%
2019 Lewis Hamilton
98%
2020 Lewis Hamilton
98%
2021 Max Verstappen
97%
2022 Max Verstappen
97%
2023 Max Verstappen
97%
1994 Michael Schumacher
97%
1995 Michael Schumacher
97%
2000 Michael Schumacher
97%
2001 Michael Schumacher
97%
2002 Michael Schumacher
97%
2003 Michael Schumacher
97%
2004 Michael Schumacher
97%
2010 Sebastian Vettel
96%
2011 Sebastian Vettel
96%
2012 Sebastian Vettel
96%
2013 Sebastian Vettel
96%
1988 Ayrton Senna
94%
1990 Ayrton Senna
94%
1991 Ayrton Senna
94%
2005 Fernando Alonso
94%
2006 Fernando Alonso
94%
2016 Nico Rosberg
94%
2007 Kimi Räikkönen
92%
1982 Keke Rosberg
90%
1985 Alain Prost
88%
1986 Alain Prost
88%
1989 Alain Prost
88%
1993 Alain Prost
88%
1975 Niki Lauda
87%
1977 Niki Lauda
87%
1984 Niki Lauda
87%
2009 Jenson Button
84%
1951 Juan Manuel Fangio
81%
1954 Juan Manuel Fangio
81%
1955 Juan Manuel Fangio
81%
1956 Juan Manuel Fangio
81%
1957 Juan Manuel Fangio
81%
1998 Mika Häkkinen
80%
1999 Mika Häkkinen
80%
1996 Damon Hill
76%
1962 Graham Hill
75%
1968 Graham Hill
75%
1961 Phil Hill
75%
1950 Giuseppe Farina
71%
1952 Alberto Ascari
70%
1953 Alberto Ascari
70%
1981 Nelson Piquet
70%
1983 Nelson Piquet
70%
1987 Nelson Piquet
70%
1992 Nigel Mansell
68%
1959 Jack Brabham
67%
1960 Jack Brabham
67%
1966 Jack Brabham
67%
1976 James Hunt
65%
1997 Jacques Villeneuve
64%
1969 Jackie Stewart
62%
1971 Jackie Stewart
62%
1973 Jackie Stewart
62%
1963 Jim Clark
58%
1965 Jim Clark
58%
1978 Mario Andretti
54%
1972 Emerson Fittipaldi
51%
1974 Emerson Fittipaldi
51%
1980 Alan Jones
46%
1979 Jody Scheckter
45%
1970 Jochen Rindt
38%
1958 Mike Hawthorn
36%
1967 Denny Hulme
35%
1964 John Surtees
35%
Nie znaleziono quizów pasujących do podanych kryteriów
Rozkład punktacji
Procent ludzi z każdym wynikiem
Percentyl według liczby udzielonych odpowiedzi
Twoja historia wyników
Nie rozwiązałeś tego quizu od ostatniego zresetowania